000
00294nam a22001337a 4500
008
171030b xxu||||| |||| 00| 0 eng d
020
_a
0631157549
041
_a
eng
080
_a
33
100
_a
58
101
_a
BUS
245
_a
BUSINESS CYCLES AND EQUILIBRIUM
_c
BLACK,F
942
_2
udc
_c
BK
999
_c
36474
_d
36474